La visió artística i religiosa de Gaudí / (Record no. 121211)

MARC details
000 -LEADER
campo de control de longitud fija 01011nam a2200265 i 4500
001 - NÚMERO DE CONTROL
campo de control 121211
003 - IDENTIFICADOR DE NÚMERO DE CONTROL
campo de control ES-MaACL
005 - FECHA Y HORA DE LA ÚLTIMA TRANSACCIÓN
campo de control 20250323192212.0
007 - CAMPO FIJO DE DESCRIPCIÓN FÍSICA--INFORMACIÓN GENERAL
campo de control de longitud fija t|
008 - DATOS DE LONGITUD FIJA--INFORMACIÓN GENERAL
campo de control de longitud fija 070214s1969 sp r ||||1| cat d
080 ## - NÚMERO DE LA CLASIFICACIÓN DECIMAL UNIVERSAL
Número de la Clasificación Decimal Universal 72 Gaudí, Antonio
100 1# - ENTRADA PRINCIPAL--NOMBRE DE PERSONA
Nombre de persona Prevost, Clovis.
9 (RLIN) 93816
245 13 - MENCIÓN DEL TÍTULO
Título La visió artística i religiosa de Gaudí /
Mención de responsabilidad, etc. Clovis Prévost, Robert Descharnes ; amb un próleg de Salvador Dalí ; i l'assaig "La visió artística i religiosa d'en Gaudí" de Francesc Pujols presentat per Joan Alavedra ; la traducció per B. Vallespinos.
260 ## - PUBLICACIÓN, DISTRIBUCIÓN, ETC.
Lugar de publicación, distribución, etc. Barcelona :
Nombre del editor, distribuidor, etc. Aymà,
Fecha de publicación, distribución, etc. 1969.
300 ## - DESCRIPCIÓN FÍSICA
Extensión 245 p., 41 lám. :
Otras características físicas il.
600 14 - PUNTO DE ACCESO ADICIONAL DE MATERIA--NOMBRE DE PERSONA
Nombre de persona Gaudí, Antoni,
Fechas asociadas al nombre 1852-1926
9 (RLIN) 55994
700 1# - ENTRADA AGREGADA--NOMBRE PERSONAL
Nombre de persona Descharnes, Robert.
9 (RLIN) 43852
700 1# - ENTRADA AGREGADA--NOMBRE PERSONAL
Nombre de persona Dalí, Salvador.
9 (RLIN) 42483
700 1# - ENTRADA AGREGADA--NOMBRE PERSONAL
Nombre de persona Pujols, Francesc.
9 (RLIN) 94360
700 1# - ENTRADA AGREGADA--NOMBRE PERSONAL
Nombre de persona Alavedra, Joan.
9 (RLIN) 19176
700 1# - ENTRADA AGREGADA--NOMBRE PERSONAL
Nombre de persona Vallespinos, B.
9 (RLIN) 112903
740 32 - ENTRADA AGREGADA--TÍTULO RELACIONADO/ANALÍTICO NO CONTROLADO
Título relacionado o analítico no controlado La visió artística i religiosa d'en Gaudí.
852 4# - LOCALIZACIÓN
Ubicación ES-MaACL
Número de control de estantería P-1444
Holdings
Estatus retirado Estado de pérdida Estado de daño No para préstamo Biblioteca de origen Biblioteca actual Ubicación en estantería Fecha de adquisición Fuente de adquisición Total de préstamos Signatura topográfica completa Código de barras Visto por última vez Precio de reemplazo Tipo de ítem Koha
        Biblioteca del Ateneo de Madrid Biblioteca del Ateneo de Madrid Depósito 2 17/01/2008     P-1444 1126327 23/02/2023 23/02/2023 Libro impreso